Insignia Of South American Air Forces Quiz Stats

Quiz not verified by Sporcle

Challenge
Share
Tweet
SAmericaRoundels
Score 0/13 Timer 02:00
0 Plays Today
Number Country % Correct
1Argentina
98.6%
7Brazil
91.1%
3Peru
88.4%
11Chile
80.1%
6Colombia
79.5%
8Ecuador
78.1%
2Suriname
71.9%
10Venezuela
71.9%
12Bolivia
71.9%
5Paraguay
69.2%
4Uruguay
65.8%
9France (French Guyana)
57.5%
13Guyana
56.2%

You're not logged in!

Compare scores with friends on all Sporcle quizzes.
Sign Up with Email
OR
Log In

You Might Also Like...

Show Comments

Extras

Top Quizzes Today


Score Distribution

Your Account Isn't Verified!

In order to create a playlist on Sporcle, you need to verify the email address you used during registration. Go to your Sporcle Settings to finish the process.